00443 2200157 4500001002100000008004100021035002000062245008000082250000600162260004100168300001500209020002200224084001700246082001100263990001100274INLIS000000000000480 ind  a0010-0922000321 aPosisi dan Jatidiri 'AisyiyahbPerubahan dan Perkembangan 1917-1998cRo'fah a1 aYogyakartabSuara Muhammadiyahc2016 a140c14 cm a978-602-6268-01-3 a297.66 ROF p a297.66 aMD0384